Shanta: (Record no. 209488)

MARC details
000 -LEADER
fixed length control field 00919nam a22002297a 4500
005 - DATE AND TIME OF LATEST TRANSACTION
control field 20251126155520.0
010 ## - LCCN (DPL NO)
LC control number B-770230-241 ENG-147196 BACEN25
020 ## - INTERNATIONAL STANDARD BOOK NUMBER
International Standard Book Number 9789388583985
Terms of availability 455.00
035 ## - SYSTEM CONTROL NUMBER
System control number B-770230-241
035 ## - SYSTEM CONTROL NUMBER
System control number EN-130728
037 ## - SOURCE OF ACQUISITION
Source of stock number/acquisition Sahitya Bhoomi
037 ## - SOURCE OF ACQUISITION
Source of stock number/acquisition DBAD
082 ## - DEWEY DECIMAL CLASSIFICATION NUMBER
Edition number 1
Classification number 881
100 ## - MAIN ENTRY--PERSONAL NAME
Personal name Biala, Rajinder
245 ## - TITLE STATEMENT
Title Shanta:
Remainder of title Sister of Lord Rama/
Statement of responsibility, etc By Rajinder Biala
250 ## - EDITION STATEMENT
Edition statement 1
260 ## - PUBLICATION, DISTRIBUTION, ETC. (IMPRINT)
Place of publication, distribution, etc New Delhi
Name of publisher, distributor, etc Sahitya Bhoomi
Date of publication, distribution, etc 2025
270 ## - ADDRESS
Address J-75-76, Street No. 7, Ramapark Road, Mohan garden
City New Delhi
Postal code 110059
Telephone number +91-8383863238
Electronic mail address literaturelandindia@gmail.com
300 ## - PHYSICAL DESCRIPTION
Extent 112p.
Dimensions 22cm(hb)
942 ## - ADDED ENTRY ELEMENTS (KOHA)
Source of classification or shelving scheme Dewey Decimal Classification
Item type English Books
Classification part 881
Call number suffix BIA
Holdings
Withdrawn status Lost status Not for loan Collection code Home library Current library Date acquired Source of acquisition Cost, normal purchase price Full call number Barcode Copy number Cost, replacement price Koha item type
      Non-fiction Bawana Bawana 03/09/2025 Sahitya Bhoomi /SB-055/2024/20.3.25/73/15.3.25/26.3.25 455.00 881 BIA B-770239 1 455.00 English Books
      Non-fiction Central Library Central Library 03/09/2025 Sahitya Bhoomi /SB-055/2024/20.3.25/73/15.3.25/26.3.25 455.00 881 BIA B-770230 1 455.00 English Books
      Non-fiction Diz Area Diz Area 03/09/2025 Sahitya Bhoomi /SB-055/2024/20.3.25/73/15.3.25/26.3.25 455.00 881 BIA B-770234 1 455.00 English Books
      Non-fiction Janak Puri Janak Puri 03/09/2025 Sahitya Bhoomi /SB-055/2024/20.3.25/73/15.3.25/26.3.25 455.00 881 BIA B-770235 1 455.00 English Books
      Non-fiction Kadipur Kadipur 03/09/2025 Sahitya Bhoomi /SB-055/2024/20.3.25/73/15.3.25/26.3.25 455.00 881 BIA B-770240 1 455.00 English Books
      Non-fiction Kasturba Gandhi Marg Kasturba Gandhi Marg 03/09/2025 Sahitya Bhoomi /SB-055/2024/20.3.25/73/15.3.25/26.3.25 455.00 881 BIA B-770232 1 455.00 English Books
      Non-fiction Narela Narela 03/09/2025 Sahitya Bhoomi /SB-055/2024/20.3.25/73/15.3.25/26.3.25 455.00 881 BIA B-770238 1 455.00 English Books
      Non-fiction Patel Nagar Patel Nagar 03/09/2025 Sahitya Bhoomi /SB-055/2024/20.3.25/73/15.3.25/26.3.25 455.00 881 BIA B-770231 1 455.00 English Books
      Non-fiction Peshwa Road Peshwa Road 03/09/2025 Sahitya Bhoomi /SB-055/2024/20.3.25/73/15.3.25/26.3.25 455.00 881 BIA B-770233 1 455.00 English Books
      Non-fiction Sarojini Nagar Sarojini Nagar 03/09/2025 Sahitya Bhoomi /SB-055/2024/20.3.25/73/15.3.25/26.3.25 455.00 881 BIA B-770236 1 455.00 English Books
      Non-fiction Sarojini Nagar Sarojini Nagar 26/11/2025 Delivery of Books Act Division 455.00 881 BIA EN-130728 1 455.00 English Books
      Non-fiction Shahdara Branch Shahdara Branch 03/09/2025 Sahitya Bhoomi /SB-055/2024/20.3.25/73/15.3.25/26.3.25 455.00 881 BIA B-770241 1 455.00 English Books
      Non-fiction Vinoba Puri Vinoba Puri 03/09/2025 Sahitya Bhoomi /SB-055/2024/20.3.25/73/15.3.25/26.3.25 455.00 881 BIA B-770237 1 455.00 English Books

© Delhi Public Library
Hit Counter
free hit counter